| 000 | 00756nam a22002177a 4500 | ||
|---|---|---|---|
| 003 | OSt | ||
| 005 | 20250221170559.0 | ||
| 008 | 230926b ||||| |||| 00| 0 eng d | ||
| 040 | _c0 | ||
| 082 | _aDPer 379.1 J826 Winter - Spring 2020 v. 45 n. 3-4 | ||
| 100 |
_aStone, Spencer D. _eauthor. _949210 |
||
| 245 |
_aMississippi / _cSpencer D. Stone. |
||
| 260 |
_aUnited States ; _bUniversity of Illinois Press and Johns Hopkins University Press, _cWinter 2020. |
||
| 300 | _avolume 45, pages 324-325. | ||
| 500 | _aJournal of Education Finance, v. 45 n. 3, pages 324-325, Winter 2020. | ||
| 650 |
_aFinance. _949211 |
||
| 650 |
_aBudget. _949212 |
||
| 650 |
_aEducation. _949213 |
||
| 700 |
_aStone, Spencer D. _eauthor. _949210 |
||
| 942 |
_2ddc _cPER |
||
| 999 |
_c18238 _d18238 |
||